Online Catalogue and eLibrary

The decolonization of imagination : (Record no. 283)

MARC details
000 -LEADER
fixed length control field 00876pam a2200241 a 4500
001 - CONTROL NUMBER
control field 1142736
005 - DATE AND TIME OF LATEST TRANSACTION
control field 20240202052057.0
008 - FIXED-LENGTH DATA ELEMENTS--GENERAL INFORMATION
fixed length control field 950316s1995 enk b 001 0 eng
020 ## - INTERNATIONAL STANDARD BOOK NUMBER
ISBN 0195642260
040 ## - CATALOGING SOURCE (பட்டியலாக்க மூலம்)
Original cataloging agency DLC
Transcribing agency DLC
Modifying agency DLC
082 00 - DDC Classification
Class No. 306
DDC Edition Number 20
245 04 - TITLE STATEMENT
Title The decolonization of imagination :
Remainder of title culture, knowledge and power /
Statement of responsibility, etc. edited by Jan Nederveen Pieterse and Bhikhu Parekh.
260 ## - PUBLICATION, DISTRIBUTION, ETC.
Place of publication, distribution, etc. London ;
-- Atlantic Highlands, N.J. :
Name of publisher, distributor, etc. Zed Books,
Date of publication, distribution, etc. 1995.
300 ## - PHYSICAL DESCRIPTION
Extent (e.g. Volumes, Pages etc.) xiv, 246 p. ;
500 ## - GENERAL NOTE
General note Chiefly rev. papers originally presented at a conference held 1991 in Amsterdam.
650 #0 - SUBJECT ADDED ENTRY--TOPICAL TERM
Topical term or geographic name entry element Decolonization
650 #0 - SUBJECT ADDED ENTRY--TOPICAL TERM
Topical term or geographic name entry element Social change
700 2# - ADDED ENTRY--PERSONAL NAME
Personal name Nederveen Pieterse, Jan.
Relator term (Role) Editor
700 1# - ADDED ENTRY--PERSONAL NAME
Personal name Parekh, Bhikhu C.
Relator term (Role) Editor
856 42 - ELECTRONIC LOCATION AND ACCESS
Uniform Resource Identifier <a href="http://www.loc.gov/catdir/description/hol055/95013685.html">http://www.loc.gov/catdir/description/hol055/95013685.html</a>
856 41 - ELECTRONIC LOCATION AND ACCESS
Uniform Resource Identifier <a href="http://www.loc.gov/catdir/toc/hol052/95013685.html">http://www.loc.gov/catdir/toc/hol052/95013685.html</a>
942 ## - Koha item type (Biblio)
Koha item type Books in Stacks (Lending)
Holdings
Lost status Damaged status Collection code Home library Current library Date acquired Full call number Accession Number Item type
    Lending WERC Library WERC Library 02/02/2024 306 4103 Books in Stacks (Lending)

© WERC Library